Cuestionario para el estudio coordinado de la norma lingüistica culta de la principales ciudades de Iberoamérica y de la Península Ibérica (Registro nro. 10177)

Detalles MARC
000 -LIDER
fixed length control field 01248nam a22003131 4500
001 - NÚMERO DE CONTROL
Identificador de número de control 00709477
003 - IDENTIFICACDOR DE NÚMERO DE CONTROL
control field DO-SdBNP
005 - DATE AND TIME OF LATEST TRANSACTION
control field 20240527094623.0
007 - CAMPOS FIJOS DE DESCRIPCIÓN FÍSICA
fixed length control field 00709477
008 - ELEMENTOS DE LONGITUD FIJA
fixed length control field 900725s1972 sp spa
017 ## - NÚMERO DE REGISTRO DE DERECHOS DE AUTOR
Copyright or legal deposit number
Assigning agency
035 ## - NÚMERO LOCAL
System control number
040 ## - FUENTE DE CATALOGACIÓN
Agencia que crea de manera original el registro BPMSU
Idioma de catalogación spa
Agencia que realiza la transcripción BPMSU
082 #4 - NÚMERO DE CLASIFICACIÓN DECIMAL DE DEWEY
Classification number 465
Item number C965e 1973
Edition number 22
110 2# - ASIENTO PRINCIPAL--NOMBRE CORPORATIVO
Nombre corporativo o de jurisdicción Consejo Superior de Investigaciones Científicas (España),
Unidad subordinada Departamento de Geografía Lingüistica
245 10 - MENCIÓN DE TITULO
Título Cuestionario para el estudio coordinado de la norma lingüistica culta de la principales ciudades de Iberoamérica y de la Península Ibérica
Medio (Designación general de material)
260 ## - PUBLICACIÓN, DISTRIBUCIÓN, ETC. (PIE DE IMPRENTA)
Lugar de publicación, distribución, etc Madrid :
Nombre del editor, distribuidor, etc. Comisión de Lingüistica Iberoamericana,
Fecha de publicación, distribución, etc 1973
300 ## - DESCRIPCIÓN FÍSICA
Extensión 3 v. ;
Dimensiones 21 cm
490 0# - MENCIÓN DE SERIES
Mención de serie Publicaciones del Departamento de Geografía Lingüistica,
Volume/sequential designation v. 1-2, 4
505 0# - NOTA DE CONTENIDO
Texto normalizado de contenido
Información miscelánea v. 1 :
Título Fonética y fonologia
Información miscelánea v. 2 :
Título Morfosintaxis
Información miscelánea v. 3 :
Título Léxico
590 ## - NOTA LOCAL
Texto de la nota local Inventariado, 2024/VM
650 #4 - ENCABEZAMIENTO DE MATERIA--TEMÁTICO
Término temático o nombre geográfico como elemento de entrada Linguística
Subdivisión temática general Investigaciones.
650 #4 - ENCABEZAMIENTO DE MATERIA--TEMÁTICO
Término temático o nombre geográfico como elemento de entrada Español
Subdivisión temática general Morfología
-- Investigaciones.
Fuente del encabezamiento o término
650 #4 - ENCABEZAMIENTO DE MATERIA--TEMÁTICO
Término temático o nombre geográfico como elemento de entrada Español
Subdivisión temática general Sintaxis
-- Investigaciones.
650 #4 - ENCABEZAMIENTO DE MATERIA--TEMÁTICO
Término temático o nombre geográfico como elemento de entrada Español
Subdivisión temática general Lexicografía
710 2# - ASIENTO SECUNDARIO -- NOMBRE CORPORATIVO
Nombre corporativo o de jurisdicción Comisión de Lingüistica Iberoamericana (Madrid)
910 ## - VALIDACIÓN
Validación VMateo V. Control de calidad. BPMSU
942 ## - ADDED ENTRY ELEMENTS (KOHA)
Source of classification or shelving scheme Dewey Decimal Classification
Koha item type Libros
Existencias
Withdrawn status Lost status Source of classification or shelving scheme Damaged status Not for loan Collection code Home library Current library Date acquired Source of acquisition Total Checkouts Full call number Barcode Date last seen Copy number Price effective from Koha item type
    Dewey Decimal Classification     Colección General Biblioteca Pública Metropolitana Salomé Ureña Biblioteca Pública Metropolitana Salomé Ureña 05/19/2016 FUNDI   BPMSU CG 465 C965e 1973 BPMSU16050396 05/19/2016 v. 1 05/19/2016 Libros
    Dewey Decimal Classification     Colección General Biblioteca Pública Metropolitana Salomé Ureña Biblioteca Pública Metropolitana Salomé Ureña 05/19/2016 FUNDI   BPMSU CG 465 C965e 1973 BPMSU16050397 05/19/2016 v.2 05/19/2016 Libros
    Dewey Decimal Classification     Colección General Biblioteca Pública Metropolitana Salomé Ureña Biblioteca Pública Metropolitana Salomé Ureña 05/19/2016 FUNDI   BPMSU CG 465 C965e 1973 BPMSU16050398 05/19/2016 v.3 05/19/2016 Libros